000 00499nam a2200181Ia 4500
999 _c29539
_d29539
003 OSt
005 20201124112953.0
008 190216s9999||||xx |||||||||||||| ||und||
020 _a8171747663
040 _coclc
082 _a894.8123
_bTHA/D
100 _aThampi, Pathalil
_96840
245 0 _aDanger Daisy /
_cPathalil Thampi
260 _bC I C C Book House,
_aKochi:
_c2006.
300 _a135p
650 _aNovel
942 _cBK
_2ddc
_h894.8123
_iTHA/D
_k894.8123
_mTHA/D